Islam its meaning and message / (Record no. 94956)
[ view plain ]
| 000 -LEADER | |
|---|---|
| fixed length control field | 00409nam a22001457a 4500 |
| 005 - DATE AND TIME OF LATEST TRANSACTION | |
| control field | 20180731095349.0 |
| 008 - FIXED-LENGTH DATA ELEMENTS--GENERAL INFORMATION | |
| fixed length control field | 170712b xxu||||| |||| 00| 0 eng d |
| 020 ## - INTERNATIONAL STANDARD BOOK NUMBER | |
| International Standard Book Number | 086037002X |
| 040 ## - CATALOGING SOURCE | |
| Transcribing agency | PK-LaUMT |
| 082 ## - DEWEY DECIMAL CLASSIFICATION NUMBER | |
| Classification number | 297 |
| Item number | ISL- |
| 245 ## - TITLE STATEMENT | |
| Title | Islam its meaning and message / |
| Statement of responsibility, etc | edited by Khurshid Ahmad |
| 260 ## - PUBLICATION, DISTRIBUTION, ETC. (IMPRINT) | |
| Place of publication, distribution, etc | London: |
| Name of publisher, distributor, etc | Islamic council ; |
| -- | Islamic council of Europe, |
| Date of publication, distribution, etc | 1976 |
| 300 ## - PHYSICAL DESCRIPTION | |
| Extent | 279 p. |
| 942 ## - ADDED ENTRY ELEMENTS (KOHA) | |
| Koha item type | Books |
| Withdrawn status | Lost status | Damaged status | Home library | Current library | Date acquired | Full call number | Barcode | Date last seen | Price effective from | Koha item type | Copy number |
|---|---|---|---|---|---|---|---|---|---|---|---|
| UMT Main Campus | UMT Main Campus | 2017-07-12 | ZIAC 297 ISL- | 110672 | 2017-07-12 | 2017-07-12 | Books | ||||
| UMT Main Campus | UMT Main Campus | 2017-07-21 | ZIAC 297 ISL- | 111167 | 2017-07-21 | 2017-07-21 | Books | C. 2 | |||
| UMT Main Campus | UMT Main Campus | 2017-10-19 | PKAC 297 ISL- | 115162 | 2017-10-19 | 2017-10-19 | Books | C. 3 | |||
| UMT Main Campus | UMT Main Campus | 2017-11-30 | PKAC 297 ISL- | 116236 | 2017-11-30 | 2017-11-30 | Books | C. 4 | |||
| UMT Main Campus | UMT Main Campus | 2017-12-05 | PKAC 297 ISL- | 116398 | 2017-12-05 | 2017-12-05 | Books | C. 5 | |||
| UMT Main Campus | UMT Main Campus | 2017-12-19 | PKAC 297 ISL- | 116671 | 2017-12-19 | 2017-12-19 | Books | C.6 |
